000 00477pab a2200181 454500
008 180718b2013 xxu||||| |||| 00| 0 eng d
100 _aDuggal, Minakshi
245 _aProfitability and productivity analysis on LIC housing finance limited and HDFC limited - a comparative study
260 _c2013
300 _ap.56-66.
362 _aJan-Jun
650 _aHDFC
650 _aLIC
650 _aHousing finance
773 _aPranjana
908 _aN
909 _a102834
999 _c102832
_d102832